| 000 | 01397nam a2200361 a 4500 | ||
|---|---|---|---|
| 001 | ebr10369832 | ||
| 003 | CaPaEBR | ||
| 006 | m u | ||
| 007 | cr cn||||||||| | ||
| 008 | 091217s2010 dcua sb 001 0 eng | ||
| 010 | _z 2009052113 | ||
| 020 | _z9780821381571 (pbk.) | ||
| 020 | _z9780821381588 (electronic) | ||
| 040 |
_aCaPaEBR _cCaPaEBR |
||
| 035 | _a(OCoLC)649902815 | ||
| 043 | _as-bl--- | ||
| 050 | 1 | 4 |
_aHT395.B7 _bC64 2010eb |
| 082 | 0 | 4 |
_a307.1/2160981 _222 |
| 245 | 0 | 0 |
_aCompetitiveness and growth in Brazilian cities _h[electronic resource] : _blocal policies and actions for innovation / _cMing Zhang, editor. |
| 260 |
_aWashington, D.C. : _bWorld Bank, _c2010. |
||
| 300 |
_axv, 200 p. : _bill. |
||
| 504 | _aIncludes bibliographical references (p. 183-190) and index. | ||
| 533 |
_aElectronic reproduction. _bPalo Alto, Calif. : _cebrary, _d2013. _nAvailable via World Wide Web. _nAccess may be limited to ebrary affiliated libraries. |
||
| 650 | 0 |
_aRegional planning _zBrazil. |
|
| 650 | 0 | _aRegional economics. | |
| 650 | 0 | _aUrban economics. | |
| 651 | 0 |
_aBrazil _xEconomic policy _y2003- |
|
| 655 | 7 |
_aElectronic books. _2local |
|
| 700 | 1 |
_aZhang, Ming, _d1967- |
|
| 710 | 2 | _aWorld Bank. | |
| 710 | 2 | _aebrary, Inc. | |
| 856 | 4 | 0 |
_uhttp://site.ebrary.com/lib/rucke/Doc?id=10369832 _zAn electronic book accessible through the World Wide Web; click to view |
| 999 |
_c110175 _d110175 |
||